RB 30 Dresden ↔ Zwickau (alle 34 Haltestellen) - Statistiken

Allgemein
  • Dieses Quiz wurde 26 mal gespielt
  • Das Durchschnittsergebnis liegt bei 18 aus 34
Antwortstatistiken
Haltestelle % Korrekt
Chemnitz Hbf
95%
Zwickau Hbf (Sachsen)
95%
Dresden Hbf
90%
Freiberg (Sachsen)
80%
Dresden-Plauen
75%
Flöha
75%
Tharandt
75%
Chemnitz Süd
65%
Glauchau (Sachsen)
65%
Hohenstein-Ernstthal
65%
Chemnitz Mitte
60%
Edle Krone
60%
Freital-Hainsberg
55%
Freital-Hainsberg West
55%
Freital-Potschappel
55%
Chemnitz-Hilbersdorf
50%
Klingenberg-Colmnitz
50%
Chemnitz-Schönau
45%
Freital-Deuben
45%
Muldenhütten
45%
Wüstenbrand
45%
Chemnitz-Siegmar
40%
Falkenau Süd (Sachsen)
40%
Niederbobritzsch
40%
Oederan
40%
St Egidien
40%
Grüna Hp (Sachsen)
35%
Mosel
35%
Niederwiesa
35%
Zwickau-Pölbitz
30%
Kleinschirma
25%
Frankenstein (Sachsen)
20%
Glauchau-Schönbörnchen
20%
Oberrothenbach
20%
Keine übereinstimmenden Quizze gefunden
Verteilung der Resultate
Anzahl Personen mit jedem Resultat
Perzentil nach korrekt beantworteten Fragen
Ihre Resultats-Entwicklung
Sie haben dieses Quiz noch nicht gespielt